Análisis funcional de la conducta (Registro nro. 10793)

000 -CABECERA
Campo de control de longitud fija 01854nam a22003257a 4500
003 - IDENTIFICADOR DEL NÚMERO DE CONTROL
Campo de control OSt
005 - FECHA Y HORA DE LA ÚLTIMA TRANSACCIÓN
Campo de control 20260327150207.0
008 - CÓDIGOS DE INFORMACIÓN DE LONGITUD FIJA
Campo de control de longitud fija 260327t1995 xxu||||| |||| 00| 0 spa d
020 ## - NÚMERO INTERNACIONAL NORMALIZADO PARA LIBROS (ISBN)
Número Internacional Normalizado para Libros (ISBN) 9788433813039
040 ## - FUENTE DE LA CATALOGACIÓN
Centro catalogador de origen Unicoc
Lengua de catalogación spa
Centro que cataloga Bogotá (Dr. David Ordóñez Rueda) - Campus Norte
Centro modificador Bogotá (Dr. David Ordóñez Rueda) - Campus Norte
082 ## - NÚMERO DE LA CLASIFICACIÓN DECIMAL DEWEY
Número de clasificación 150.1943
100 ## - PUNTO DE ACCESO PRINCIPAL - NOMBRE DE PERSONA
9 (RLIN) 12814
Nombre de persona Segura Gálvez, Mariana
245 ## - MENCIÓN DE TÍTULO
Título Análisis funcional de la conducta
Subtitulo o Resto del título : un modelo explicativo
Mención de responsabilidad etc. / Mariana Segura Gálvez, Pilar Sánchez Prieto, Pilar Barbado Nieto
250 ## - MENCIÓN DE EDICIÓN
Mención de edición 2 Ed.
260 ## - PUBLICATION, DISTRIBUTION, ETC. (IMPRINT)
Lugar de publicación distribución etc. España :
Nombre del editor distribuidor etc. Universidad de Granada ,
Fecha de publicación distribución etc. 1995
300 ## - DESCRIPCIÓN FÍSICA
Extensión 260 páginas
Otras características físicas Diagramas, tablas
500 ## - NOTA GENERAL
Nota general Incluye Referencias Bibliográficas
505 ## - NOTA DE CONTENIDO CON FORMATO
Título Parte primera: Fundamentos teóricos de la ciencia del comportamiento. --
-- Capítulo 1. Evolución de los modelos explicativos del comportamiento humano en la Psicología científica. --
-- Capítulo 2. Revisión de algunos conceptos y principios del aprendizaje. --
-- Parte segunda: El modelo interconductual y el análisis funcional. --
-- Capítulo 3. El análisis funcional de la conducta. --
-- Capítulo 4. El modelo interconductual. --
-- Parte tercera Aplicaciones del análisis funcional. --
-- Capítulo 5 Análisis funcional en contextos aplicados. --
-- Capítulo 6 Análisis de casos y supuestos prácticos.
526 ## - NOTA DE INFORMACIÓN SOBRE EL PROGRAMA DE ESTUDIO
Institución que aplica el campo Unicoc
546 ## - NOTA DE LENGUA
Nota de lengua Español
650 #0 - PUNTO DE ACCESO ADICIONAL DE MATERIA - TÉRMINO DE MATERIA
9 (RLIN) 12786
Término de materia o nombre geográfico como elemento inicial Conducta humana
650 #0 - PUNTO DE ACCESO ADICIONAL DE MATERIA - TÉRMINO DE MATERIA
9 (RLIN) 10094
Término de materia o nombre geográfico como elemento inicial Psicología Cognitiva
650 #0 - PUNTO DE ACCESO ADICIONAL DE MATERIA - TÉRMINO DE MATERIA
9 (RLIN) 12802
Término de materia o nombre geográfico como elemento inicial Psicología del comportamiento
650 #0 - PUNTO DE ACCESO ADICIONAL DE MATERIA - TÉRMINO DE MATERIA
9 (RLIN) 12799
Término de materia o nombre geográfico como elemento inicial Condicionamiento operante
658 #0 - TÉRMINO DE INDIZACIÓN - OBJETIVO CURRICULAR
9 (RLIN) 10741
Programa Académico Programa de Psicología
700 ## - PUNTO DE ACCESO ADICIONAL - NOMBRE DE PERSONA
9 (RLIN) 12815
Nombre de persona Sánchez Prieto,Pilar
700 ## - PUNTO DE ACCESO ADICIONAL - NOMBRE DE PERSONA
9 (RLIN) 12816
Nombre de persona Barbado Nieto, Pilar
856 ## - LOCALIZACIÓN Y ACCESO ELECTRÓNICOS
Identificador Uniforme del Recurso (URI) https://unicoceduco-my.sharepoint.com/:b:/g/personal/direccionbiblioteca_unicoc_edu_co/IQCden6DD2etTLGtCRN_U-vQAfNbvuigxciDkYrYZe8hCqM
Texto del enlace Acceso online exclusivo para comunidad Unicoc.
942 ## - ENTRADA PARA ELEMENTOS AGREGADOS (KOHA)
Fuente de clasificación o esquema de ordenación en estanterías
Koha [por defecto] tipo de item Libro electrónico
Existencias
Fuente de clasificación o esquema de ordenación en estanterías Código de barras Localización permanente Tipo de item de Koha Estropeado No para préstamo Localización actual Signatura completa Estado de pérdida Fuente de adquisición Código de colección Fecha última consulta Fecha del precio de reemplazo Precio Fecha de adquisición
 Ebook10793Bogotá (Dr. David Ordóñez Rueda) - Campus NorteLibro electrónico  Bogotá (Dr. David Ordóñez Rueda) - Campus Norte150.1943 CompraColeccion Online2026-03-272026-03-27200000.002026-03-27

© 2014 UNICOC | Institución Universitaria Colegios de Colombia - UNICOC
Bogotá D.C. Autopista Norte Km. 20. Teléfono:(571)6683535
Cali: Calle 13 Norte No. 3N-13. Teléfono: (572)6608887

Con tecnología de Koha